[Event "Buenos Aires La Porta Cup"]
[Site "Buenos Aires"]
[Date "2019.03.23"]
[Round "4"]
[White "Fernandes, Martin"]
[Black "Cabrera Pando, Ramiro"]
[Result "1-0"]
[WhiteElo "1945"]
[BlackElo "2201"]
[PlyCount "79"]
[EventDate "2019.03.20"]
[EventType "swiss"]
[EventRounds "9"]
[EventCountry "ARG"]
[SourceTitle "CBM 189 Extra"]
[Source "ChessBase"]
[SourceDate "2019.06.03"]
[SourceVersion "1"]
[SourceVersionDate "2019.06.03"]
[SourceQuality "1"]

1. e4 g6 2. d4 Bg7 3. Bc4 d6 4. Nf3 Nf6 5. e5 dxe5 6. Nxe5 0-0 7. 0-0 c5 8. dxc5 Qc7 9. Nd3 Nbd7 10. Nc3 a6 11. Bf4 e5 12. Bg3 Nh5 13. Ne4 h6 14. Rb1 Kh7 15. b4 f5 16. Nc3 Nxg3 17. hxg3 Nf6 18. Nd5 Nxd5 19. Bxd5 e4 20. Nf4 g5 21. Ne6 Bxe6 22. Bxe6 Rad8 23. Qe2 Bd4 24. g4 fxg4 25. Qxe4+ Kg7 26. Qxg4 Rf4 27. Qg3 Rdf8 28. Rbd1 Qc6 29. Rxd4 Rxd4 30. Qe5+ Rf6 31. Qxd4 Qxe6 32. f4 g4 33. f5 Qe2 34. Qd7+ Kg8 35. Qxb7 Qe3+ 36. Kh1 g3 37. Qb8+ Kh7 38. Qc7+ Kg8 39. Qf4 Qc3 40. Rd1 1-0

[Event "Buenos Aires Szmetan Giardelli op"]
[Site "Buenos Aires"]
[Date "2018.12.10"]
[Round "7"]
[White "Cabrera Pando, Ramiro"]
[Black "Jarmoluk, Jorge E"]
[Result "1-0"]
[WhiteElo "2201"]
[BlackElo "1991"]
[PlyCount "81"]
[EventDate "2018.12.04"]
[EventType "swiss"]
[EventRounds "9"]
[EventCountry "ARG"]
[SourceTitle "CBM 187 Extra"]
[Source "ChessBase"]
[SourceDate "2018.11.04"]
[SourceVersion "1"]
[SourceVersionDate "2018.11.04"]
[SourceQuality "1"]

1. d4 d5 2. c4 c6 3. cxd5 cxd5 4. Bg5 Nf6 5. Bxf6 gxf6 6. Nc3 Nc6 7. e3 e6 8. Bd3 f5 9. h3 Bd6 10. Nf3 Bd7 11. 0-0 Qf6 12. Rc1 0-0 13. Na4 b6 14. Nc3 Kh8 15. Kh1 Rg8 16. Rg1 Nb4 17. Be2 Rac8 18. a3 Nc6 19. Ba6 Rcd8 20. b4 Bb8 21. Qd2 Ne7 22. Ne2 Ng6 23. Nf4 Nh4 24. Nxh4 Qxh4 25. Rc3 Rg7 26. Rgc1 Rdg8 27. Bf1 Rg4 28. g3 Qh6 29. Rc7 e5 30. dxe5 Bxc7 31. Rxc7 d4 32. Rxd7 Qc6+ 33. Bg2 Qxd7 34. hxg4 Rd8 35. exd4 fxg4 36. d5 Re8 37. Qd4 Kg8 38. Nh5 Qf5 39. Nf6+ Kf8 40. Nxe8 Qg5 41. Nf6 1-0

[Event "Buenos Aires Szmetan Giardelli op"]
[Site "Buenos Aires"]
[Date "2018.12.04"]
[Round "1"]
[White "Goldwasser, Jonathan"]
[Black "Cabrera Pando, Ramiro"]
[Result "0-1"]
[WhiteElo "1713"]
[BlackElo "2201"]
[PlyCount "68"]
[EventDate "2018.12.04"]
[EventType "swiss"]
[EventRounds "9"]
[EventCountry "ARG"]
[SourceTitle "CBM 187 Extra"]
[Source "ChessBase"]
[SourceDate "2018.11.04"]
[SourceVersion "1"]
[SourceVersionDate "2018.11.04"]
[SourceQuality "1"]

1. e4 d6 2. d4 g6 3. Nc3 Bg7 4. Be3 a6 5. Qd2 Nd7 6. f3 b5 7. g4 Bb7 8. h4 h6 9. Bg2 Nb6 10. Bf1 Nf6 11. Nh3 h5 12. g5 Nfd7 13. Bd3 b4 14. Ne2 c5 15. c3 a5 16. a3 c4 17. Bc2 b3 18. Bd1 Qc7 19. Bf2 0-0-0 20. Ng3 Na4 21. Be2 Kb8 22. 0-0-0 Ka8 23. Kb1 d5 24. e5 e6 25. f4 Nb8 26. Qe1 Bf8 27. Be3 Nc6 28. Bc1 Na7 29. Bf1 Nb5 30. Ne2 Bc6 31. Rh2 Rb8 32. Bd2 Bxa3 33. bxa3 Nxa3+ 34. Ka1 Nc2+ 0-1

[Event "ARG-chT"]
[Site "Villa Martelli"]
[Date "2018.08.04"]
[Round "5.1"]
[White "Quenallata, Luciano"]
[Black "Cabrera Pando, Ramiro"]
[Result "1-0"]
[WhiteElo "2108"]
[BlackElo "2216"]
[PlyCount "53"]
[EventDate "2018.07.07"]
[EventType "team-swiss"]
[EventRounds "9"]
[EventCountry "ARG"]
[SourceTitle "CBM 187 Extra"]
[Source "ChessBase"]
[SourceDate "2018.11.04"]
[SourceVersion "1"]
[SourceVersionDate "2018.11.04"]
[SourceQuality "1"]
[WhiteTeam "Escuela Municipal Moreno"]
[BlackTeam "Ajedrez Plus"]
[WhiteTeamCountry "ARG"]
[BlackTeamCountry "ARG"]

1. Nf3 d5 2. c4 d4 3. b4 g5 4. Bb2 Bg7 5. e3 e5 6. exd4 exd4 7. d3 g4 8. Nfd2 Bf5 9. Be2 Nc6 10. b5 Ne5 11. Nb3 Ng6 12. Bxg4 Qe7+ 13. Kf1 Nh6 14. Bxf5 Nxf5 15. Qf3 Qf6 16. N1d2 0-0 17. Ne4 Qe5 18. g3 a6 19. bxa6 b6 20. h4 c5 21. Rc1 Qe6 22. Nexc5 Qc8 23. Ne4 Rxa6 24. a3 Ne5 25. Qe2 Ng4 26. h5 Re8 27. Kg1 1-0

[Event "American Continental 14th"]
[Site "Montevideo"]
[Date "2018.06.09"]
[Round "10"]
[White "Cabrera Pando, Ramiro"]
[Black "Slipak, Sergio"]
[Result "1/2-1/2"]
[WhiteElo "2196"]
[BlackElo "2420"]
[PlyCount "154"]
[EventDate "2018.06.01"]
[EventType "swiss"]
[EventRounds "11"]
[EventCountry "URU"]
[SourceTitle "CBM 184 Extra"]
[Source "ChessBase"]
[SourceDate "2018.06.28"]
[SourceVersion "1"]
[SourceVersionDate "2018.06.28"]
[SourceQuality "1"]

1. d4 d5 2. c4 e6 3. Nc3 a6 4. cxd5 exd5 5. Qb3 Nc6 6. Nf3 Nf6 7. Bg5 Bb4 8. e3 Be6 9. Be2 h6 10. Bh4 g5 11. Bg3 Ne4 12. Ne5 Nxg3 13. Nxc6 bxc6 14. hxg3 Rb8 15. Bxa6 c5 16. Be2 cxd4 17. exd4 c5 18. 0-0 0-0 19. Nb5 Qe7 20. dxc5 Bxc5 21. a4 Rfc8 22. Qf3 Qd7 23. Rfd1 Bf8 24. Qd3 Bg7 25. Rd2 Qe7 26. a5 Bd7 27. Nd4 Qf6 28. a6 Rb4 29. Rad1 Ra8 30. Qf3 Qxf3 31. Nxf3 Be6 32. Nd4 Bxd4 33. Rxd4 Rxb2 34. R1d2 Rb1+ 35. Rd1 Rb2 36. R4d2 Rb6 37. Ra1 Ra7 38. f3 Kf8 39. Kf2 Rb3 40. Ra5 Ke7 41. Rb5 Rxb5 42. Bxb5 Bc8 43. Ke3 Bxa6 44. Ra2 Bxb5 45. Rxa7+ Kf6 46. Rb7 Bf1 47. Rb6+ Kg7 48. Kf2 Bd3 49. g4 f6 50. g3 Bg6 51. Rd6 Bf7 52. Ke3 Bg8 53. Kd4 Bf7 54. Kc5 h5 55. gxh5 Bxh5 56. g4 Bf7 57. Kc6 Bg8 58. Kd7 f5 59. gxf5 Kf7 60. Kc6 Ke7 61. Rg6 Bf7 62. Rd6 Bh5 63. Kxd5 Bxf3+ 64. Ke5 Be2 65. f6+ Kf8 66. Kf5 Bc4 67. Rd7 Bb3 68. Rc7 Ba2 69. Kxg5 Bb1 70. Kf4 Ba2 71. Ke5 Bb3 72. f7 Kg7 73. Kf5 Bxf7 74. Kg5 Kg8 75. Kh6 Ba2 76. Kg6 Bb1+ 77. Kh6 Ba2 1/2-1/2

[Event "American Continental 14th"]
[Site "Montevideo"]
[Date "2018.06.07"]
[Round "8"]
[White "Cabrera Pando, Ramiro"]
[Black "Kimelman, Gabriel"]
[Result "1-0"]
[WhiteElo "2196"]
[BlackElo "2279"]
[PlyCount "81"]
[EventDate "2018.06.01"]
[EventType "swiss"]
[EventRounds "11"]
[EventCountry "URU"]
[SourceTitle "CBM 184 Extra"]
[Source "ChessBase"]
[SourceDate "2018.06.28"]
[SourceVersion "1"]
[SourceVersionDate "2018.06.28"]
[SourceQuality "1"]

1. d4 e6 2. c4 Nf6 3. Nc3 Bb4 4. Nf3 b6 5. Bg5 Bb7 6. e3 h6 7. Bh4 g5 8. Bg3 Ne4 9. Nd2 Nxg3 10. hxg3 Bxc3 11. bxc3 Qe7 12. f3 d6 13. Bd3 Nd7 14. Qc2 h5 15. 0-0-0 0-0-0 16. Rh2 Rh6 17. Rdh1 Rdh8 18. e4 e5 19. Nf1 Qf6 20. Ne3 R6h7 21. Nf5 Nf8 22. Qa4 Ne6 23. c5 dxc5 24. d5 c4 25. Bxc4 Nc5 26. Qxa7 g4 27. d6 Qg5+ 28. Kc2 f6 29. Rd1 Kd7 30. dxc7+ Kxc7 31. Nd6 Rd7 32. Nb5+ Kc6 33. Rxd7 Nxd7 34. Bd5+ Kxb5 35. Qxb7 Nb8 36. Rh1 Qe3 37. a4+ Ka5 38. Qa7+ Na6 39. Bc4 Qf2+ 40. Kb3 b5 41. Qxf2 1-0

[Event "American Continental 14th"]
[Site "Montevideo"]
[Date "2018.06.04"]
[Round "5"]
[White "Vazquez, Facundo"]
[Black "Cabrera Pando, Ramiro"]
[Result "0-1"]
[WhiteElo "1969"]
[BlackElo "2196"]
[PlyCount "68"]
[EventDate "2018.06.01"]
[EventType "swiss"]
[EventRounds "11"]
[EventCountry "URU"]
[SourceTitle "CBM 184 Extra"]
[Source "ChessBase"]
[SourceDate "2018.06.28"]
[SourceVersion "1"]
[SourceVersionDate "2018.06.28"]
[SourceQuality "1"]

1. d4 d5 2. c4 e6 3. Nf3 c6 4. Nc3 dxc4 5. a4 Bb4 6. Bd2 a5 7. e3 b5 8. axb5 Bxc3 9. Bxc3 cxb5 10. b3 Bb7 11. bxc4 b4 12. Bb2 Nf6 13. c5 0-0 14. Bb5 Bc6 15. Ba4 Bxa4 16. Rxa4 Qd5 17. 0-0 Nc6 18. Ne1 e5 19. Nd3 Rfd8 20. f3 exd4 21. e4 Qc4 22. Qe2 Qb5 23. Rfa1 Nd7 24. Qc2 Nde5 25. Nxe5 Nxe5 26. Bc1 Nc4 27. Qd3 Qxc5 28. R4a2 Ne5 29. Qd1 d3+ 30. Kh1 Nc4 31. Bf4 Qb5 32. Bd2 b3 33. Ra4 Nxd2 34. Qxd2 b2 0-1

[Event "ARG-ch sf 93rd"]
[Site "Buenos Aires"]
[Date "2018.05.22"]
[Round "4"]
[White "Cabrera Pando, Ramiro"]
[Black "Sorin, Ariel"]
[Result "1/2-1/2"]
[WhiteElo "2152"]
[BlackElo "2405"]
[PlyCount "63"]
[EventDate "2018.05.19"]
[EventType "swiss"]
[EventRounds "9"]
[EventCountry "ARG"]
[SourceTitle "CBM 184 Extra"]
[Source "ChessBase"]
[SourceDate "2018.06.28"]
[SourceVersion "1"]
[SourceVersionDate "2018.06.28"]
[SourceQuality "1"]

1. d4 Nf6 2. c4 g6 3. Nc3 Bg7 4. e4 d6 5. h3 0-0 6. Be3 c5 7. Nf3 cxd4 8. Nxd4 Nc6 9. Be2 Nxd4 10. Bxd4 Bd7 11. 0-0 Bc6 12. Qc2 Nd7 13. Bxg7 Kxg7 14. b4 Nf6 15. Nd5 Bxd5 16. exd5 a5 17. a3 Ra7 18. Qc3 Kg8 19. Qd4 b6 20. g4 Qc7 21. h4 e5 22. dxe6 fxe6 23. Rad1 axb4 24. axb4 Ra2 25. g5 Nh5 26. Bxh5 gxh5 27. Qxd6 Qxc4 28. Rd4 Qb3 29. Rd3 Qc4 30. Rd4 Qb3 31. Rd3 Qc4 32. Rd4 1/2-1/2

[Event "ARG-ch sf 93rd"]
[Site "Buenos Aires"]
[Date "2018.05.19"]
[Round "1"]
[White "Guanca, Felipe"]
[Black "Cabrera Pando, Ramiro"]
[Result "0-1"]
[WhiteElo "1648"]
[BlackElo "2152"]
[PlyCount "46"]
[EventDate "2018.05.19"]
[EventType "swiss"]
[EventRounds "9"]
[EventCountry "ARG"]
[SourceTitle "CBM 184 Extra"]
[Source "ChessBase"]
[SourceDate "2018.06.28"]
[SourceVersion "1"]
[SourceVersionDate "2018.06.28"]
[SourceQuality "1"]

1. e4 g6 2. d4 Bg7 3. Bc4 d6 4. Ne2 Nf6 5. Nbc3 0-0 6. 0-0 c6 7. a4 d5 8. exd5 cxd5 9. Bb3 Nc6 10. Ng3 a6 11. Re1 Na5 12. Bg5 Nxb3 13. cxb3 Re8 14. b4 Qd6 15. b5 h6 16. Qd2 hxg5 17. Qxg5 Bd7 18. Qe5 axb5 19. axb5 Rxa1 20. Rxa1 Qb4 21. Re1 Qxb2 22. Nxd5 Nxd5 23. Qxd5 Bxb5 0-1

[Event "Caba Legislatura Cup"]
[Site "Caba"]
[Date "2018.04.09"]
[Round "4"]
[White "Cabrera Pando, Ramiro"]
[Black "Perelman, Hernan"]
[Result "1/2-1/2"]
[WhiteElo "2138"]
[BlackElo "2308"]
[PlyCount "155"]
[EventDate "2018.04.06"]
[EventType "swiss"]
[EventRounds "9"]
[EventCountry "ARG"]
[SourceTitle "CBM 184 Extra"]
[Source "ChessBase"]
[SourceDate "2018.06.28"]
[SourceVersion "1"]
[SourceVersionDate "2018.06.28"]
[SourceQuality "1"]

1. d4 Nf6 2. c4 e6 3. Nc3 d5 4. cxd5 exd5 5. Bg5 c6 6. e3 Be7 7. Qc2 Nbd7 8. Bd3 Nh5 9. Bxe7 Qxe7 10. Nge2 g6 11. 0-0-0 Nb6 12. Kb1 Bd7 13. Rc1 Ng7 14. Ng3 Ne6 15. Ka1 0-0-0 16. Na4 Kb8 17. Nc5 Bc8 18. b4 f5 19. Ne2 Qg7 20. a4 Na8 21. Rb1 Nac7 22. Rb2 Rd6 23. Rhb1 Ka8 24. b5 cxb5 25. axb5 b6 26. Na4 Bb7 27. Qc3 Kb8 28. Qa3 Qf8 29. Qc3 Rd8 30. g3 Rc8 31. Qb3 Ne8 32. Nac3 Nf6 33. Ra2 Rc7 34. Rc2 Qd6 35. Rbc1 Rhc8 36. f3 Ng5 37. Ng1 Nf7 38. Nd1 Rxc2 39. Rxc2 Rxc2 40. Qxc2 Qa3+ 41. Kb1 Nd6 42. Qc3 Qxc3 43. Nxc3 Nfe8 44. Kc2 Nc7 45. Kb3 Kc8 46. Nh3 Kd7 47. Kb4 Ke7 48. Bc2 h6 49. Bb3 g5 50. Nf2 a6 51. bxa6 Nxa6+ 52. Ka3 Nc7 53. Nd3 Ncb5+ 54. Nxb5 Nxb5+ 55. Kb4 Nc7 56. Nb2 Bc6 57. Ba4 Na6+ 58. Kc3 Bxa4 59. Nxa4 b5 60. Nb2 g4 61. f4 Kd6 62. Nd3 Kc7 63. Ne5 Kb6 64. Nf7 Ka5 65. Nxh6 Ka4 66. Kb2 b4 67. Nxf5 b3 68. e4 Nb4 69. exd5 Nxd5 70. Nd6 Kb4 71. f5 Nf6 72. Nb7 Kc4 73. Nd6+ Kxd4 74. Kxb3 Ke5 75. Nc4+ Kxf5 76. Kc3 Ke4 77. Kd2 Kf3 78. Ne5+ 1/2-1/2

[Event "Buenos Aires Perez Cup"]
[Site "Buenos Aires"]
[Date "2016.05.14"]
[Round "4"]
[White "Koch, Juan Enrique"]
[Black "Cabrera Pando, Ramiro"]
[Result "0-1"]
[WhiteElo "2026"]
[BlackElo "2032"]
[PlyCount "106"]
[EventDate "2016.05.10"]
[EventType "swiss"]
[EventRounds "7"]
[EventCountry "ARG"]
[SourceTitle "CBM 172 Extra"]
[Source "ChessBase"]
[SourceDate "2016.06.21"]
[SourceVersion "1"]
[SourceVersionDate "2016.06.21"]
[SourceQuality "1"]

1. Nf3 d5 2. d4 e6 3. c4 c6 4. e3 Bd6 5. Nc3 f5 6. Bd3 Nf6 7. Bd2 0-0 8. Qe2 dxc4 9. Bxc4 b5 10. Bd3 b4 11. Na4 Nbd7 12. Rc1 Ne4 13. 0-0 Nxd2 14. Qxd2 e5 15. Bc4+ Kh8 16. dxe5 Nxe5 17. Nxe5 Bxe5 18. Qxd8 Rxd8 19. Rfd1 Bd7 20. b3 Be8 21. f4 Bf6 22. Be6 g6 23. Kf1 Kg7 24. Ke2 Be7 25. Nb2 Kf6 26. Bc4 g5 27. Ke1 Bc5 28. fxg5+ Kxg5 29. Rxd8 Rxd8 30. Rd1 Rb8 31. Rd3 Bg6 32. Nd1 Re8 33. Kd2 Re7 34. Rd8 f4 35. exf4+ Kxf4 36. Rf8+ Kg5 37. Rd8 Bg1 38. h3 Bh2 39. Be2 Bf4+ 40. Ke1 Bb1 41. Rd4 a5 42. h4+ Kf5 43. Kf2 Bxa2 44. g3 Be5 45. Ne3+ Kg6 46. Rg4+ Kf6 47. Bc4 h6 48. Rg8 Bd4 49. Rf8+ Kg7 50. Rf3 a4 51. Ke2 Rxe3+ 52. Rxe3 Bxe3 53. Kxe3 Bxb3 0-1

[Event "Buenos Aires U2200"]
[Site "Buenos Aires"]
[Date "2015.10.31"]
[Round "7.2"]
[White "Cabrera Pando, Ramiro"]
[Black "Marquez, Marcos"]
[Result "1-0"]
[WhiteElo "2025"]
[BlackElo "1975"]
[PlyCount "89"]
[EventDate "2015.10.20"]
[EventType "swiss"]
[EventRounds "7"]
[EventCountry "ARG"]
[SourceTitle "EXT 2024"]
[Source "ChessBase"]
[SourceDate "2023.10.10"]
[SourceVersion "1"]
[SourceVersionDate "2023.10.10"]
[SourceQuality "1"]

1. d4 Nf6 2. c4 g6 3. Nc3 Bg7 4. e4 d6 5. Nf3 0-0 6. Be2 e5 7. Be3 Ng4 8. Bg5 f6 9. Bc1 f5 10. Bg5 Qe8 11. dxe5 h6 12. Bh4 g5 13. exf5 Rxf5 14. Bg3 Nxe5 15. Nd4 Rf7 16. 0-0 Nbc6 17. Ndb5 a6 18. Na3 Bf5 19. Re1 Bg6 20. c5 Qf8 21. cxd6 Rd8 22. Nc4 Kh8 23. Bf1 Rxd6 24. Nxd6 cxd6 25. Ne4 Rd7 26. Rc1 Nd4 27. Kh1 Nf5 28. Bxe5 Bxe5 29. Nxg5 Qf6 30. Rc8+ Kg7 31. Nf3 Bxb2 32. Bd3 Ne7 33. Rc4 Bh5 34. Qe2 Be5 35. Qe4 Bg6 36. Qg4 Rd8 37. Rc7 Kf8 38. Bxg6 Qxg6 39. Nxe5 dxe5 40. Qf3+ Ke8 41. Qxb7 Qf6 42. h3 Nd5 43. Rh7 Nf4 44. Rxe5+ Kf8 45. Rf5 1-0

[Event "Buenos Aires U2200"]
[Site "Buenos Aires"]
[Date "2015.10.27"]
[Round "5.6"]
[White "Cabrera Pando, Ramiro"]
[Black "Medina, Sergio"]
[Result "1-0"]
[WhiteElo "2025"]
[BlackElo "1933"]
[PlyCount "91"]
[EventDate "2015.10.20"]
[EventType "swiss"]
[EventRounds "7"]
[EventCountry "ARG"]
[SourceTitle "EXT 2024"]
[Source "ChessBase"]
[SourceDate "2023.10.10"]
[SourceVersion "1"]
[SourceVersionDate "2023.10.10"]
[SourceQuality "1"]

1. d4 Nf6 2. c4 e6 3. Nc3 Bb4 4. Nf3 0-0 5. Bg5 h6 6. Bh4 Be7 7. Qc2 d5 8. e3 b6 9. Rc1 dxc4 10. Bxc4 Bb7 11. 0-0 Nbd7 12. Rfd1 c6 13. a3 Rc8 14. Ba2 Re8 15. Ne5 Nd5 16. Bg3 Nf8 17. Qb3 Bh4 18. Qa4 Bxg3 19. hxg3 a6 20. Qb3 Ba8 21. Na4 f6 22. Nf3 Rb8 23. Ne1 Nd7 24. e4 Nc7 25. Qc2 Nb5 26. f4 Kh8 27. Nf3 Qe7 28. Nh4 Nf8 29. e5 f5 30. Qf2 Nc7 31. Rd3 Nd5 32. Bxd5 cxd5 33. Rdc3 b5 34. Nc5 Qa7 35. b4 a5 36. Qe2 Kh7 37. Qd3 g6 38. Nb3 Re7 39. Nxa5 Qb6 40. Nf3 Qd8 41. Rc5 Qe8 42. R1c3 Kg8 43. Qc2 Ra7 44. Rc8 Rxc8 45. Rxc8 Qd7 46. Qc5 1-0

[Event "Latin Cup-A 6th"]
[Site "Buenos Aires"]
[Date "2015.03.23"]
[Round "7"]
[White "Cabrera Pando, Ramiro"]
[Black "Caetano, Hugo Zanotti Mendon"]
[Result "1/2-1/2"]
[WhiteElo "2033"]
[BlackElo "2245"]
[PlyCount "30"]
[EventDate "2015.03.19"]
[EventType "swiss"]
[EventRounds "9"]
[EventCountry "ARG"]
[SourceTitle "CBM 165 Extra"]
[Source "ChessBase"]
[SourceDate "2015.04.21"]
[SourceVersion "1"]
[SourceVersionDate "2015.04.21"]
[SourceQuality "1"]

1. d4 d5 2. c4 e6 3. Nc3 c6 4. e4 dxe4 5. Nxe4 Bb4+ 6. Bd2 Qxd4 7. Bxb4 Qxe4+ 8. Be2 Qxg2 9. Qd6 Nd7 10. Bf3 Qg5 11. Ne2 Qe7 12. Qd2 c5 13. Bc3 Ngf6 14. Rg1 g6 15. 0-0-0 0-0 1/2-1/2

[Event "Latin Cup-A 6th"]
[Site "Buenos Aires"]
[Date "2015.03.22"]
[Round "5"]
[White "Cabrera Pando, Ramiro"]
[Black "Avila, Lucas"]
[Result "1/2-1/2"]
[WhiteElo "2033"]
[BlackElo "2205"]
[PlyCount "57"]
[EventDate "2015.03.19"]
[EventType "swiss"]
[EventRounds "9"]
[EventCountry "ARG"]
[SourceTitle "CBM 165 Extra"]
[Source "ChessBase"]
[SourceDate "2015.04.21"]
[SourceVersion "1"]
[SourceVersionDate "2015.04.21"]
[SourceQuality "1"]

1. d4 Nf6 2. c4 g6 3. Nc3 Bg7 4. e4 d6 5. Nf3 0-0 6. Be2 e5 7. Be3 Ng4 8. Bg5 f6 9. Bh4 h5 10. h3 Nh6 11. d5 a5 12. a3 Na6 13. Rb1 Bd7 14. b4 Nf7 15. Nd2 axb4 16. axb4 Bh6 17. g4 Bxd2+ 18. Kxd2 g5 19. Bg3 h4 20. Bh2 c6 21. f3 c5 22. b5 Nb4 23. Ra1 Ra5 24. Qb3 Qc7 25. Ra3 Rfa8 26. Rha1 Kf8 27. Rxa5 Rxa5 28. Rxa5 Qxa5 29. Qa4 1/2-1/2

[Event "Buenos Aires La Porta Cup"]
[Site "Buenos Aires"]
[Date "2014.12.16"]
[Round "4"]
[White "Cabrera Pando, Ramiro"]
[Black "Barrionuevo, Pablo"]
[Result "0-1"]
[WhiteElo "2044"]
[BlackElo "2298"]
[PlyCount "33"]
[EventDate "2014.12.13"]
[EventType "swiss"]
[EventRounds "9"]
[EventCountry "ARG"]
[SourceTitle "EXT 2016"]
[Source "ChessBase"]
[SourceDate "2015.10.08"]
[SourceVersion "1"]
[SourceVersionDate "2015.10.08"]
[SourceQuality "1"]

1. d4 d5 2. c4 Nc6 3. Nc3 dxc4 4. d5 Ne5 5. f4 Ng4 6. e4 e5 7. Nf3 exf4 8. Bxf4 Bc5 9. Bxc4 N8f6 10. b4 Bb6 11. e5 0-0 12. Qe2 Nh5 13. Bg5 f6 14. Bh4 Nf4 15. d6+ Kh8 16. exf6 g5 17. Qb2 0-1

[Event "Villa Martelli op-A 21st"]
[Site "Villa Martelli"]
[Date "2014.11.10"]
[Round "4"]
[White "Cabrera Pando, Ramiro"]
[Black "Amato, Leonel"]
[Result "1-0"]
[WhiteElo "2033"]
[BlackElo "1967"]
[PlyCount "111"]
[EventDate "2014.11.07"]
[EventType "swiss"]
[EventRounds "9"]
[EventCountry "ARG"]
[SourceTitle "CBM 163 Extra"]
[Source "ChessBase"]
[SourceDate "2014.12.23"]
[SourceVersion "1"]
[SourceVersionDate "2014.12.23"]
[SourceQuality "1"]

1. d4 Nf6 2. c4 c5 3. d5 b5 4. cxb5 a6 5. bxa6 g6 6. Nc3 Bxa6 7. e4 Bxf1 8. Kxf1 d6 9. g3 Bg7 10. Kg2 0-0 11. Nge2 Nbd7 12. Qc2 Qa5 13. Rb1 Rfb8 14. a4 Ne8 15. h4 Ne5 16. h5 Qa6 17. hxg6 hxg6 18. Bg5 Qd3 19. Qxd3 Nxd3 20. b3 Bf6 21. Bxf6 Nxf6 22. Rhd1 Nb4 23. Rd2 Kg7 24. f3 Nd7 25. Nb5 Ne5 26. f4 Ng4 27. Nec3 Rh8 28. Rbb2 f5 29. Kf3 Rh1 30. Rb1 Rh3 31. Re1 Rah8 32. exf5 Nh2+ 33. Kg2 Ng4 34. Rxe7+ Kf8 35. Ree2 gxf5 36. Nxd6 Nf6 37. Nxf5 Rh1 38. Nh4 Rc1 39. Ng6+ Kg7 40. Nxh8 Rxc3 41. d6 Nbd5 42. Rxd5 Nxd5 43. d7 Rd3 44. d8Q Nxf4+ 45. gxf4 Rxd8 46. Re3 Kxh8 47. Rc3 Rd5 48. Kf3 Kg7 49. Ke4 Rh5 50. Rd3 Kf6 51. Rd6+ Ke7 52. Rb6 Rh1 53. a5 Re1+ 54. Kf5 Ra1 55. a6 Ra3 56. Ke5 1-0

[Event "Villa Martelli op-A 21st"]
[Site "Villa Martelli"]
[Date "2014.11.09"]
[Round "3"]
[White "Sica, Mauro"]
[Black "Cabrera Pando, Ramiro"]
[Result "1/2-1/2"]
[WhiteElo "1978"]
[BlackElo "2033"]
[PlyCount "82"]
[EventDate "2014.11.07"]
[EventType "swiss"]
[EventRounds "9"]
[EventCountry "ARG"]
[SourceTitle "CBM 163 Extra"]
[Source "ChessBase"]
[SourceDate "2014.12.23"]
[SourceVersion "1"]
[SourceVersionDate "2014.12.23"]
[SourceQuality "1"]

1. d4 d5 2. c4 c6 3. Nf3 e6 4. Nc3 dxc4 5. a4 Bb4 6. e3 b5 7. Be2 Bb7 8. 0-0 a6 9. Bd2 Be7 10. Ne5 Nf6 11. Bf3 Qc7 12. axb5 axb5 13. Rxa8 Bxa8 14. Nxb5 cxb5 15. Bxa8 0-0 16. Bf3 Nd5 17. Be2 f6 18. Nf3 Nd7 19. Qc2 Qb7 20. b3 Rc8 21. bxc4 bxc4 22. Bxc4 Qc7 23. Qe4 Qd6 24. Ba2 N7b6 25. Qd3 Ra8 26. Bxd5 exd5 27. Rb1 Qc6 28. g3 Nc4 29. Qb3 Qe6 30. Be1 Ra3 31. Qb8+ Kf7 32. Nd2 Nd6 33. Qb2 Nf5 34. Qb6 Bd6 35. Qb5 h5 36. Qb2 h4 37. Ra1 Rxa1 38. Qxa1 h3 39. Qc3 g5 40. Qd3 Kg7 41. Qf1 g4 1/2-1/2

[Event "Buenos Aires Bolivar op 3rd"]
[Site "Buenos Aires"]
[Date "2010.06.24"]
[Round "1"]
[White "Cabrera Pando, Ramiro"]
[Black "Perez Ponsa, Federico"]
[Result "0-1"]
[WhiteElo "2104"]
[BlackElo "2390"]
[PlyCount "63"]
[EventDate "2010.06.24"]
[EventType "swiss"]
[EventRounds "7"]
[EventCountry "ARG"]
[SourceTitle "EXT 2011"]
[Source "ChessBase"]
[SourceDate "2010.11.26"]
[SourceVersion "1"]
[SourceVersionDate "2010.11.26"]
[SourceQuality "1"]

1. d4 Nf6 2. c4 g6 3. Nc3 Bg7 4. e4 d6 5. Nf3 0-0 6. Be2 e5 7. Be3 Na6 8. 0-0 Ng4 9. Bg5 Qe8 10. Rb1 c6 11. dxe5 dxe5 12. h3 f6 13. Bd2 Nh6 14. b4 Nc7 15. b5 Ne6 16. bxc6 bxc6 17. Qc1 Nf7 18. Na4 Kh8 19. Qa3 Bd7 20. Rfd1 f5 21. exf5 gxf5 22. Nc5 e4 23. Ne1 Bc8 24. Nc2 Nfg5 25. Nb7 f4 26. Nd6 Qg6 27. Bg4 h5 28. Nxc8 Raxc8 29. Bxe6 Nxe6 30. Bc3 Rg8 31. Rb7 e3 32. Rdd7 0-1

[Event "Najdorf Memorial op"]
[Site "Buenos Aires"]
[Date "2002.09.28"]
[Round "7.29"]
[White "Cabrera Pando, Ramiro"]
[Black "Perez Cascella, Julio"]
[Result "1/2-1/2"]
[WhiteElo "2104"]
[BlackElo "2209"]
[PlyCount "90"]
[EventDate "2002.09.23"]
[EventType "swiss"]
[EventRounds "8"]
[EventCountry "ARG"]
[SourceTitle "CBM 090 Extra"]
[Source "ChessBase"]
[SourceDate "2002.11.07"]
[SourceVersion "1"]
[SourceVersionDate "2002.11.07"]
[SourceQuality "1"]

1. d4 Nf6 2. c4 g6 3. Nc3 Bg7 4. Nf3 0-0 5. e4 d6 6. Be2 e5 7. 0-0 Nc6 8. d5 Ne7 9. b4 Nh5 10. Re1 f5 11. Ng5 Nf4 12. Bxf4 exf4 13. Rc1 Kh8 14. exf5 Rxf5 15. Nge4 Re5 16. Bg4 Nf5 17. c5 a6 18. g3 h5 19. Bxf5 Rxf5 20. Ne2 fxg3 21. N2xg3 Rf4 22. Qd2 Be5 23. Rc4 Qh4 24. cxd6 cxd6 25. Nxd6 Bxd6 26. Qc3+ Qf6 27. Rxc8+ Rxc8 28. Qxc8+ Kg7 29. Qe8 Bxb4 30. Re6 Qf7 31. Qxf7+ Kxf7 32. Rb6 Bc5 33. Rxb7+ Kf6 34. Rc7 Bxf2+ 35. Kg2 Bd4 36. Rc6+ Kf7 37. Rc7+ Ke8 38. Rc6 Rf2+ 39. Kh3 Rxa2 40. Rxg6 Bg1 41. Re6+ Kd7 42. Ne2 Bc5 43. Nf4 Ra3+ 44. Kg2 h4 45. Rh6 Bd6 1/2-1/2